00939nam a22002897a 4500003000400000005001700004008004100021010002400062020002300086035001300109035001300122037001600135040001500151082001300166245011800179260004300297270005700340300002000397490007500417500002700492650003300519650004000552650000600592700001700598700001600615700001800631dpl20210304143445.0180522b xxu||||| |||| 00| 0 eng d aB-130173, B-130195 c595.00a8174872868 aB-130173 aB-130175 bCen Lib/Ret aDPLbENc0 a954bENC aEncyclopaediac dictionary of freedom movement 1757-1947 /cedited by A. N. Kapoor, V. P. Gupta [and] Mohini Gupta aNew Delhi bRadha Publications c2004 a4378/4-B, Ansari Road, Daryaganj bNew Delhie110002 a480p.c20cm(Hb) aA series of an encyclopaedic dictionary of indian history and culture  aIncludes bibliography  aHistory vDictionary zIndia aFreedom movement x HistoryzIndia v  aA. N. Kapoor aV. P. Gupta aGupta, Mohini